| 000 | 01471nmc a2200457 a 4500 | ||
|---|---|---|---|
| 003 | AR-BaBNM | ||
| 005 | 20251128211741.0 | ||
| 008 | 116020s2005 ||||||||||||||000 | spa|| | ||
| 020 | _a950-518-835-8 | ||
| 040 | _cAR-BaBNM | ||
| 245 | 1 | 0 |
_aTecnologías en las aulas _blas nuevas tecnologías en las prácticas de la enseñanza : casos para el análisis |
| 250 | _a1ª ed. | ||
| 260 |
_aBuenos Aires _bAmorrortu _c2005 |
||
| 300 | 0 | _a205 p. | |
| 490 | 0 | _aNueva enseñanza, nuevas prácticas | |
| 504 | _aContiene referencias bibliográficas | ||
| 650 | 4 | _aDIDACTICA | |
| 650 | 4 | _aTECNOLOGIA EDUCATIVA | |
| 650 | 4 | _aESTUDIOS DE CASOS | |
| 650 | 4 | _aENSENANZA POR COMPUTADORA | |
| 653 | 0 | _aINTERNET | |
| 653 | 0 | _aEDUCACION EN VALORES | |
| 653 | 0 | _aHIPERTEXTO | |
| 653 | 0 | _aCONTENIDOS CURRICULARES | |
| 700 | 1 |
_aLitwin, Edith _eeditor |
|
| 700 | 1 |
_aMaggio, Mariana _eeditor |
|
| 700 | 1 |
_aLipsman, Marilina _eeditor |
|
| 700 | 1 |
_aCerrotta, Cecilia _ecolaborador |
|
| 700 | 1 |
_aLion, Carina _ecolaborador |
|
| 700 | 1 |
_aMansur, Anahí _ecolaborador |
|
| 700 | 1 |
_aNecuzzi, Constanza _ecolaborador |
|
| 700 | 1 |
_aPerosi, María Verónica _ecolaborador |
|
| 700 | 1 |
_aPinto, Liliana _ecolaborador |
|
| 700 | 1 |
_aRoig, Hebe _ecolaborador |
|
| 700 | 1 |
_aSoletic, María Angeles _ecolaborador |
|
| 700 | 1 |
_aTrentin, Vannina K. _ecolaborador |
|
| 700 | 1 |
_aWeber, Verónica _ecolaborador |
|
| 800 | 1 | _aLitwin, Edith | |
| 942 | _cBK | ||
| 998 | _cme-solo cat | ||
| 999 |
_c20952 _d20952 |
||